[Event "Titled Tuesday intern op 11th Mar Late"]
[Site "Chess.com INT"]
[Date "2025.03.11"]
[Round "2"]
[White "Kavyev, Ruslan"]
[Black "Bhatia, Kanishka"]
[Result "1-0"]
[WhiteElo "2279"]
[BlackElo "2012"]
[PlyCount "65"]
[EventDate "2025.03.11"]
[EventType "swiss (blitz)"]
[EventRounds "11"]
[EventCountry "USA"]
[SourceTitle "CB12_2025"]
[SourceDate "2025.03.19"]
[SourceVersion "1"]
[SourceVersionDate "2025.03.19"]
[SourceQuality "1"]

1. e4 d6 2. d4 Nf6 3. Nc3 Nbd7 4. f4 e5 5. Nf3 c6 6. h3 Qc7 7. Bd3 Be7 8. 0-0 0-0 9. Be3 a5 10. a4 exd4 11. Nxd4 Re8 12. Kh1 Nc5 13. Qf3 Bf8 14. Rae1 Qe7 15. Bg1 h5 16. e5 Nxd3 17. cxd3 dxe5 18. fxe5 Nh7 19. e6 fxe6 20. Qxh5 Nf6 21. Qh4 Bd7 22. Nf5 Qf7 23. Nh6+ gxh6 24. Rxf6 Qg7 25. Ref1 Be7 26. Ne4 Rf8 27. Bd4 Bxf6 28. Nxf6+ Rxf6 29. Rxf6 Kh7 30. Qe4+ Kg8 31. Rg6 Qxg6 32. Qxg6+ Kf8 33. Bf6 1-0

[Event "Titled Tuesday intern op 04th Mar Early"]
[Site "Chess.com INT"]
[Date "2025.03.04"]
[Round "1"]
[White "Lopez Rayo, Isabella"]
[Black "Kavyev, Ruslan"]
[Result "0-1"]
[WhiteElo "2014"]
[BlackElo "2279"]
[PlyCount "88"]
[EventDate "2025.03.04"]
[EventType "swiss (blitz)"]
[EventRounds "11"]
[EventCountry "USA"]
[SourceTitle "CB11_2025"]
[SourceDate "2025.03.12"]
[SourceVersion "1"]
[SourceVersionDate "2025.03.12"]
[SourceQuality "1"]

1. e4 c5 2. Nf3 d6 3. d4 cxd4 4. Nxd4 Nf6 5. Nc3 a6 6. f3 e5 7. Nb3 Be6 8. Be3 Be7 9. Qd2 0-0 10. 0-0-0 Nbd7 11. g4 b5 12. g5 Nh5 13. Nd5 Bxd5 14. exd5 f5 15. h4 Ng3 16. Rg1 Nxf1 17. Rgxf1 a5 18. Kb1 b4 19. f4 a4 20. Nc1 Qc7 21. Nd3 b3 22. cxb3 axb3 23. a3 e4 24. Nb4 Rfc8 25. Rc1 Qb7 26. Nc6 Bf8 27. Bd4 Nb8 28. Nxb8 Raxb8 29. Bc3 Rc5 30. Rfd1 Rbc8 31. h5 Re8 32. h6 e3 33. Qd4 e2 34. Re1 Rxd5 35. Qf2 Qb5 36. g6 hxg6 37. hxg7 Bxg7 38. Bxg7 Kxg7 39. Qh4 Qd3+ 40. Ka1 Qd1 41. Rh1 Qxc1+ 42. Rxc1 Rd1 43. Qe1 Rxc1+ 44. Qxc1 e1Q 0-1

[Event "Titled Tuesday intern op 25th Feb Early"]
[Site "Chess.com INT"]
[Date "2025.02.25"]
[Round "4"]
[White "Kavyev, Ruslan"]
[Black "La Villa Rivas, Marlon Javier"]
[Result "0-1"]
[WhiteElo "2279"]
[BlackElo "2258"]
[PlyCount "44"]
[EventDate "2025.02.25"]
[EventType "swiss (blitz)"]
[EventRounds "11"]
[EventCountry "USA"]
[SourceTitle "CB10_2025"]
[SourceDate "2025.03.05"]
[SourceVersion "1"]
[SourceVersionDate "2025.03.05"]
[SourceQuality "1"]

1. e4 e6 2. d4 d5 3. Nc3 Bb4 4. e5 c5 5. a3 Bxc3+ 6. bxc3 Ne7 7. Qg4 Qc7 8. Bd3 cxd4 9. Qxg7 Rg8 10. Qxh7 Qxc3+ 11. Kd1 Qxa1 12. Ne2 Nbc6 13. h4 Bd7 14. h5 0-0-0 15. h6 Nxe5 16. f4 Nxd3 17. Qxd3 Ng6 18. h7 Rg7 19. g4 Rh8 20. f5 Ne5 21. Qg3 d3 22. cxd3 Rgxh7 0-1

[Event "Titled Tuesday intern op 25th Feb Early"]
[Site "Chess.com INT"]
[Date "2025.02.25"]
[Round "2"]
[White "Mahdavi, Reza"]
[Black "Kavyev, Ruslan"]
[Result "1-0"]
[WhiteElo "2436"]
[BlackElo "2279"]
[PlyCount "77"]
[EventDate "2025.02.25"]
[EventType "swiss (blitz)"]
[EventRounds "11"]
[EventCountry "USA"]
[SourceTitle "CB10_2025"]
[SourceDate "2025.03.05"]
[SourceVersion "1"]
[SourceVersionDate "2025.03.05"]
[SourceQuality "1"]

1. e4 c5 2. Nf3 d6 3. Bb5+ Nd7 4. 0-0 a6 5. Bxd7+ Bxd7 6. c3 Nf6 7. Re1 Bc6 8. d4 Bxe4 9. Bg5 Bc6 10. Bxf6 gxf6 11. d5 Bd7 12. Nbd2 f5 13. Nh4 Bg7 14. Qh5 0-0 15. Nxf5 Bxf5 16. Qxf5 Kh8 17. Re3 e6 18. dxe6 fxe6 19. Qxe6 Qb6 20. Nc4 Qb5 21. Rae1 Rf6 22. Qd5 Raf8 23. f3 Rf5 24. Qd3 d5 25. Nd6 Qxd3 26. Rxd3 Rg5 27. Re7 Kg8 28. g4 d4 29. Ne4 Rd5 30. c4 Rdd8 31. Nxc5 b5 32. cxb5 Rc8 33. Ne6 Rc1+ 34. Kf2 Rc2+ 35. Kg3 Bf6 36. Rd7 Re8 37. Nxd4 Be5+ 38. f4 Bf6 39. Nxc2 1-0

[Event "Titled Tuesday intern op 11th Feb Early"]
[Site "Chess.com INT"]
[Date "2025.02.11"]
[Round "2"]
[White "Kavyev, Ruslan"]
[Black "Nazari, Arad"]
[Result "0-1"]
[WhiteElo "2279"]
[BlackElo "2425"]
[PlyCount "52"]
[EventDate "2025.02.11"]
[EventType "swiss (blitz)"]
[EventRounds "11"]
[EventCountry "USA"]
[SourceTitle "CB08_2025"]
[SourceDate "2025.02.19"]
[SourceVersion "1"]
[SourceVersionDate "2025.02.19"]
[SourceQuality "1"]

1. e4 c5 2. Nf3 d6 3. d4 cxd4 4. Nxd4 Nf6 5. Bc4 a6 6. 0-0 e6 7. Bd3 b5 8. a4 b4 9. c4 bxc3 10. Nxc3 Be7 11. Qf3 Bb7 12. Qh3 0-0 13. Bg5 Nbd7 14. Kh1 Nc5 15. Bxf6 Bxf6 16. e5 Nxd3 17. exf6 Nf4 18. Qg3 Bxg2+ 19. Kg1 Qxf6 20. Rfd1 Bb7 21. a5 h5 22. Ra4 e5 23. Nf3 Rac8 24. Rb4 Rxc3 25. Rxb7 Ne2+ 26. Kf1 Nxg3+ 0-1

[Event "Titled Tuesday intern op 11th Feb Early"]
[Site "Chess.com INT"]
[Date "2025.02.11"]
[Round "10"]
[White "Kavyev, Ruslan"]
[Black "Pavlidou, Ekaterini"]
[Result "1-0"]
[WhiteElo "2279"]
[BlackElo "2160"]
[PlyCount "69"]
[EventDate "2025.02.11"]
[EventType "swiss (blitz)"]
[EventRounds "11"]
[EventCountry "USA"]
[SourceTitle "CB09_2025"]
[SourceDate "2025.02.27"]
[SourceVersion "1"]
[SourceVersionDate "2025.02.27"]
[SourceQuality "1"]

1. e4 c5 2. Nf3 e6 3. d4 cxd4 4. Nxd4 Nf6 5. Nc3 Nc6 6. Ndb5 Bc5 7. Nd6+ Ke7 8. Bf4 e5 9. Nf5+ Kf8 10. Bg5 d6 11. Ne3 Be6 12. Qd2 h6 13. Bxf6 Qxf6 14. 0-0-0 Nd4 15. Ncd5 Qg6 16. Bd3 Rc8 17. Kb1 h5 18. g3 Bg4 19. Nxg4 hxg4 20. c3 Nf3 21. Qe2 Rh3 22. Qc2 a5 23. Bf1 Rh5 24. h4 gxh3 25. Bxh3 Qh7 26. Bg2 Nh2 27. f4 b5 28. Qe2 b4 29. cxb4 axb4 30. Rc1 exf4 31. gxf4 Rxd5 32. Bf3 Nxf3 33. Rxh7 Nd2+ 34. Ka1 Kg8 35. exd5 1-0

[Event "Titled Tuesday intern op 11th Feb Early"]
[Site "Chess.com INT"]
[Date "2025.02.11"]
[Round "8"]
[White "Kavyev, Ruslan"]
[Black "Yoo, Christopher Woojin"]
[Result "0-1"]
[WhiteElo "2279"]
[BlackElo "2588"]
[PlyCount "56"]
[EventDate "2025.02.11"]
[EventType "swiss (blitz)"]
[EventRounds "11"]
[EventCountry "USA"]
[SourceTitle "CB09_2025"]
[SourceDate "2025.02.27"]
[SourceVersion "1"]
[SourceVersionDate "2025.02.27"]
[SourceQuality "1"]

1. e4 e5 2. f4 exf4 3. Nf3 d6 4. Bc4 g5 5. h4 gxh4 6. d4 Bg4 7. Bxf4 Qf6 8. Qd2 h3 9. 0-0 hxg2 10. Rf2 Nc6 11. Bg5 Qg7 12. Ne5 dxe5 13. Bxf7+ Kd7 14. dxe5+ Kc8 15. Qd5 Kb8 16. Be6 Nge7 17. Qd7 Bxe6 18. Qe8+ Bc8 19. Bf6 Qh6 20. Rxg2 Rg8 21. Rxg8 Nxg8 22. Nc3 Bc5+ 23. Kf1 Qh1+ 24. Ke2 Qg2+ 25. Kd3 Qf3+ 26. Kc4 Nxf6 27. exf6 Qxf6 28. Nd5 Qd4+ 0-1

[Event "Titled Tuesday intern op 11th Feb Early"]
[Site "Chess.com INT"]
[Date "2025.02.11"]
[Round "5"]
[White "Laddha, Yash Jayesh"]
[Black "Kavyev, Ruslan"]
[Result "0-1"]
[WhiteElo "2053"]
[BlackElo "2279"]
[PlyCount "64"]
[EventDate "2025.02.11"]
[EventType "swiss (blitz)"]
[EventRounds "11"]
[EventCountry "USA"]
[SourceTitle "CB09_2025"]
[SourceDate "2025.02.27"]
[SourceVersion "1"]
[SourceVersionDate "2025.02.27"]
[SourceQuality "1"]

1. e4 c5 2. Nf3 d6 3. Nc3 a6 4. d4 cxd4 5. Nxd4 Nf6 6. h3 e5 7. Nde2 h5 8. Bg5 Be6 9. Bxf6 Qxf6 10. Nd5 Qd8 11. Qd3 g6 12. 0-0-0 Nd7 13. Nec3 b5 14. Kb1 Rb8 15. Qf3 b4 16. Na4 Bg7 17. Be2 Qa5 18. b3 Qd8 19. Bxa6 0-0 20. g4 h4 21. Qe2 Bh6 22. Rhg1 Bg5 23. Rdf1 Bxd5 24. exd5 Qa5 25. Rd1 Nb6 26. Bb5 Rfc8 27. Rd3 Nxa4 28. Bxa4 Rc5 29. Rgd1 Rbc8 30. Bd7 R8c7 31. Bc6 Qa3 32. Ba4 Rxc2 0-1

[Event "Titled Tuesday intern op 11th Feb Early"]
[Site "Chess.com INT"]
[Date "2025.02.11"]
[Round "9"]
[White "Napoli, Nicolo"]
[Black "Kavyev, Ruslan"]
[Result "1-0"]
[WhiteElo "2228"]
[BlackElo "2279"]
[PlyCount "37"]
[EventDate "2025.02.11"]
[EventType "swiss (blitz)"]
[EventRounds "11"]
[EventCountry "USA"]
[SourceTitle "CB09_2025"]
[SourceDate "2025.02.27"]
[SourceVersion "1"]
[SourceVersionDate "2025.02.27"]
[SourceQuality "1"]

1. d4 Nf6 2. Nc3 d5 3. Bg5 Nbd7 4. e3 e6 5. f4 c5 6. Nf3 a6 7. Bd3 b5 8. 0-0 Bb7 9. Ne5 b4 10. Na4 Be7 11. Bxf6 gxf6 12. Nxd7 Qxd7 13. Nb6 Qc7 14. Nxa8 Bxa8 15. Bxa6 f5 16. Bb5+ Kf8 17. Qh5 cxd4 18. Qh6+ Kg8 19. Rf3 1-0

[Event "Titled Tuesday intern op 11th Feb Early"]
[Site "Chess.com INT"]
[Date "2025.02.11"]
[Round "3"]
[White "Sasvatha, A."]
[Black "Kavyev, Ruslan"]
[Result "0-1"]
[WhiteElo "1760"]
[BlackElo "2279"]
[PlyCount "140"]
[EventDate "2025.02.11"]
[EventType "swiss (blitz)"]
[EventRounds "11"]
[EventCountry "USA"]
[SourceTitle "CB08_2025"]
[SourceDate "2025.02.19"]
[SourceVersion "1"]
[SourceVersionDate "2025.02.19"]
[SourceQuality "1"]

1. d4 Nf6 2. Nf3 g6 3. Bf4 Bg7 4. e3 d6 5. h3 0-0 6. Be2 c5 7. c3 Qb6 8. Qb3 Be6 9. Qxb6 axb6 10. a3 Nc6 11. Nbd2 Na5 12. 0-0 Nb3 13. Nxb3 Bxb3 14. Nd2 Bd5 15. Bc4 Bc6 16. Be2 Rfc8 17. Rad1 b5 18. dxc5 dxc5 19. Bf3 Nd5 20. Bg3 Nb6 21. Ne4 Na4 22. Rd2 h6 23. Rc2 c4 24. Rd1 f5 25. Nd2 Rd8 26. Rdc1 Nc5 27. Bc7 Rd7 28. Bg3 Nd3 29. Rf1 Rad8 30. Nb1 Nc5 31. Rcc1 Bxf3 32. gxf3 Nb3 33. Rc2 e5 34. f4 e4 35. Re2 Rd3 36. Bh4 R8d7 37. f3 exf3 38. Rxf3 Rd1+ 39. Rf1 Rxf1+ 40. Kxf1 Rd1+ 41. Re1 Rxb1 42. Rxb1 Nd2+ 43. Ke2 Nxb1 44. Kd1 Nxc3+ 45. bxc3 Bxc3 46. Kc2 Bg7 47. Be7 Kf7 48. Bb4 Ke6 49. Kd2 Kd5 50. Ke2 Ke4 51. Kd2 h5 52. Ke2 c3 53. h4 Bf6 54. Ba5 Bxh4 55. Bxc3 Be7 56. Bb2 Bc5 57. Bc1 b4 58. axb4 Bxb4 59. Kf2 Bc5 60. Bd2 b5 61. Ke2 b4 62. Kf2 b3 63. Bc3 Bxe3+ 64. Kg3 Bd4 65. Kh4 Bxc3 66. Kg5 b2 67. Kxg6 b1Q 68. Kxh5 Qg1 69. Kh6 Kxf4 70. Kh5 Qg5# 0-1

[Event "Titled Tuesday intern op 04th Feb Early"]
[Site "Chess.com INT"]
[Date "2025.02.04"]
[Round "10"]
[White "Kavyev, Ruslan"]
[Black "Baruch, Liam"]
[Result "1-0"]
[WhiteElo "2279"]
[BlackElo "1951"]
[PlyCount "83"]
[EventDate "2025.02.04"]
[EventType "swiss (blitz)"]
[EventRounds "11"]
[EventCountry "USA"]
[SourceTitle "CB07_2025"]
[SourceDate "2025.02.12"]
[SourceVersion "1"]
[SourceVersionDate "2025.02.12"]
[SourceQuality "1"]

1. e4 e5 2. f4 Bc5 3. Nf3 d6 4. c3 Bg4 5. d4 Bxf3 6. gxf3 exd4 7. cxd4 Bb6 8. Be3 Nf6 9. Qd2 d5 10. Nc3 Qe7 11. e5 Nh5 12. Nxd5 Qh4+ 13. Bf2 Ng3 14. Bxg3 Qh5 15. Nxb6 axb6 16. Bb5+ c6 17. Be2 Nd7 18. 0-0 Qg6 19. Bd3 f5 20. Kh1 h5 21. Bh4 Qe6 22. b3 b5 23. Rad1 Nb6 24. Rg1 g6 25. Qg2 Kf7 26. Bf6 Rhg8 27. Qg5 Qd5 28. Rgf1 Nd7 29. Bxf5 gxf5 30. Qxf5 Nxf6 31. Qxf6+ Ke8 32. f5 Rxa2 33. e6 Rf8 34. Qg6+ Kd8 35. Rde1 Kc7 36. e7 Rg8 37. e8Q Rxe8 38. Qxe8 Kb6 39. Qe4 Qd6 40. Qe5 Qh6 41. d5 Qd2 42. Qe3+ 1-0

[Event "Titled Tuesday intern op 04th Feb Early"]
[Site "Chess.com INT"]
[Date "2025.02.04"]
[Round "6"]
[White "Szpar, Milosz"]
[Black "Kavyev, Ruslan"]
[Result "1-0"]
[WhiteElo "2462"]
[BlackElo "2279"]
[PlyCount "45"]
[EventDate "2025.02.04"]
[EventType "swiss (blitz)"]
[EventRounds "11"]
[EventCountry "USA"]
[SourceTitle "CB07_2025"]
[SourceDate "2025.02.12"]
[SourceVersion "1"]
[SourceVersionDate "2025.02.12"]
[SourceQuality "1"]

1. Nf3 Nf6 2. d4 g6 3. Bg5 Bg7 4. Nbd2 d5 5. e3 0-0 6. Be2 b6 7. 0-0 Bb7 8. c4 dxc4 9. Nxc4 Nbd7 10. Rc1 c5 11. Qb3 cxd4 12. Nxd4 Nc5 13. Qa3 Qd5 14. Nf3 Rfd8 15. Nce5 Nfe4 16. Bc4 Qxe5 17. Nxe5 Bxe5 18. Bxe7 Rd2 19. Rb1 Re8 20. Bxc5 Nxc5 21. b4 Ne4 22. Qxa7 Ba8 23. Qxf7+ 1-0

[Event "Titled Tuesday intern op 28th Jan Early"]
[Site "Chess.com INT"]
[Date "2025.01.28"]
[Round "8"]
[White "Kavyev, Ruslan"]
[Black "Hossam Mohamed, Adham"]
[Result "0-1"]
[WhiteElo "2279"]
[BlackElo "2014"]
[PlyCount "72"]
[EventDate "2025.01.28"]
[EventType "swiss (blitz)"]
[EventRounds "11"]
[EventCountry "USA"]
[SourceTitle "CB06_2025"]
[SourceDate "2025.02.05"]
[SourceVersion "1"]
[SourceVersionDate "2025.02.05"]
[SourceQuality "1"]

1. e4 c5 2. Nf3 d6 3. d4 cxd4 4. Nxd4 Nf6 5. Bc4 e6 6. Bd3 Be7 7. c4 0-0 8. Nc3 a6 9. 0-0 b6 10. Be3 Bb7 11. Rc1 Nbd7 12. b4 Rc8 13. f4 d5 14. e5 Ne4 15. Bxe4 dxe4 16. a3 Rxc4 17. Qb3 b5 18. Nce2 Nb6 19. Rfd1 Rxc1 20. Bxc1 Bd5 21. Qh3 Nc4 22. f5 Bg5 23. f6 gxf6 24. exf6 Bxf6 25. Bh6 Re8 26. Rf1 Kh8 27. Kh1 Rg8 28. Qh5 Qe7 29. h4 e3 30. Nf3 Nd2 31. Ng5 Rxg5 32. hxg5 Nxf1 33. gxf6 Qxf6 34. Bg5 Qf2 35. Qg4 Nd2 36. Kh2 Ne4 0-1

[Event "Titled Tuesday intern op 28th Jan Early"]
[Site "Chess.com INT"]
[Date "2025.01.28"]
[Round "1"]
[White "Khachatryan, Anna"]
[Black "Kavyev, Ruslan"]
[Result "0-1"]
[WhiteElo "2076"]
[BlackElo "2279"]
[PlyCount "72"]
[EventDate "2025.01.28"]
[EventType "swiss (blitz)"]
[EventRounds "11"]
[EventCountry "USA"]
[SourceTitle "CB06_2025"]
[SourceDate "2025.02.05"]
[SourceVersion "1"]
[SourceVersionDate "2025.02.05"]
[SourceQuality "1"]

1. d4 Nf6 2. c4 e6 3. Nc3 d5 4. cxd5 exd5 5. Bg5 c6 6. e3 Bd6 7. Bd3 0-0 8. Qc2 h6 9. Bh4 Re8 10. 0-0-0 a5 11. Nf3 Na6 12. a3 b5 13. Ne2 Bd7 14. Rhg1 b4 15. a4 b3 16. Qxb3 Rb8 17. Qc3 Nb4 18. Bb1 Bf5 19. Ne5 Qc8 20. Bxf6 Bxb1 21. Kxb1 Qf5+ 22. Nd3 Qxf6 23. Nec1 Rb6 24. g4 Reb8 25. Rd2 Bxh2 26. Rg2 Bd6 27. f4 Qe6 28. Nc5 Bxc5 29. dxc5 Qe4+ 30. Ka1 R6b7 31. g5 h5 32. Rh2 g6 33. Rhf2 Re8 34. Rfe2 Rbe7 35. Rd4 Qf3 36. Nb3 Qxe2 0-1

[Event "Titled Tuesday intern op 28th Jan Early"]
[Site "Chess.com INT"]
[Date "2025.01.28"]
[Round "4"]
[White "Zakhartsov, Vladimir"]
[Black "Kavyev, Ruslan"]
[Result "1-0"]
[WhiteElo "2481"]
[BlackElo "2279"]
[PlyCount "97"]
[EventDate "2025.01.28"]
[EventType "swiss (blitz)"]
[EventRounds "11"]
[EventCountry "USA"]
[SourceTitle "CB06_2025"]
[SourceDate "2025.02.05"]
[SourceVersion "1"]
[SourceVersionDate "2025.02.05"]
[SourceQuality "1"]

1. d4 Nf6 2. c4 e6 3. Nc3 d5 4. cxd5 exd5 5. Bg5 c6 6. e3 Bd6 7. Bd3 0-0 8. Nf3 Re8 9. h3 a5 10. 0-0 Na6 11. e4 dxe4 12. Nxe4 Be7 13. Bxf6 Bxf6 14. Re1 Nc7 15. Nxf6+ Qxf6 16. Ne5 Be6 17. Qc2 g6 18. Rad1 Rad8 19. Bf1 Bd5 20. Qd2 Ne6 21. Qxa5 Kg7 22. b3 Ra8 23. Qd2 Rad8 24. Ng4 Qf4 25. Qxf4 Nxf4 26. Rxe8 Rxe8 27. Ne3 Be6 28. Rd2 Rd8 29. Rd1 Ra8 30. Rd2 Rd8 31. Kh2 Nd5 32. g3 h5 33. Bc4 Nf6 34. Bxe6 fxe6 35. Kg2 Ne4 36. Rd3 Nc5 37. Rd1 Ne4 38. a4 Nc3 39. Rd3 Ne4 40. b4 e5 41. d5 cxd5 42. Rxd5 Rc8 43. Rxe5 Nd6 44. a5 Kf6 45. Rd5 Ke6 46. Rc5 Rb8 47. g4 hxg4 48. hxg4 b6 49. Rc6 1-0

[Event "Titled Tuesday intern op 26th Nov Late"]
[Site "Chess.com INT"]
[Date "2024.11.26"]
[Round "4"]
[White "Kavyev, Ruslan"]
[Black "Smieszek, Wojciech"]
[Result "0-1"]
[WhiteElo "2256"]
[BlackElo "2141"]
[PlyCount "146"]
[EventDate "2024.11.26"]
[EventType "swiss (blitz)"]
[EventRounds "11"]
[EventCountry "USA"]
[SourceTitle "CB49_2024"]
[SourceDate "2024.12.04"]
[SourceVersion "1"]
[SourceVersionDate "2024.12.04"]
[SourceQuality "1"]

1. e4 c5 2. Nf3 g6 3. d4 cxd4 4. Nxd4 Nc6 5. Nc3 Bg7 6. Be3 Nf6 7. Bc4 0-0 8. Bb3 d6 9. f3 Bd7 10. Qd2 Rc8 11. 0-0-0 Nxd4 12. Bxd4 b5 13. Nd5 Nxd5 14. exd5 Bxd4 15. Qxd4 a5 16. a3 b4 17. a4 Qe8 18. h4 Bxa4 19. Kb1 Bxb3 20. cxb3 a4 21. h5 g5 22. Qxb4 axb3 23. h6 Rb8 24. Qg4 f6 25. Rhe1 Rb7 26. Rd4 Qa8 27. Ra4 Ra7 28. Qe6+ Kh8 29. Rxa7 Qxa7 30. Qxe7 Qa2+ 31. Kc1 Rc8+ 32. Kd1 Qb1+ 33. Ke2 Qg6 34. Kf1 Qxh6 35. Kg1 Qf8 36. Qe6 Kg7 37. Qd7+ Kg6 38. g4 Rd8 39. Qf5+ Kg7 40. Qe6 Qf7 41. Qe4 Rc8 42. Kg2 Rc2+ 43. Kg3 Qa7 44. Qe7+ Qxe7 45. Rxe7+ Kg6 46. Rd7 Rxb2 47. Rxd6 Rd2 48. Rb6 b2 49. d6 h5 50. gxh5+ Kxh5 51. d7 f5 52. Rxb2 f4+ 53. Kh3 Rxd7 54. Rb8 Rd2 55. Rh8+ Kg6 56. Rg8+ Kf5 57. Rf8+ Ke5 58. Re8+ Kd4 59. Kg4 Rg2+ 60. Kf5 Rg3 61. Re7 Kd3 62. Re8 Rxf3 63. Kxg5 Rf1 64. Kg4 f3 65. Kg3 f2 66. Re7 Re1 67. Rd7+ Ke2 68. Re7+ Kf1 69. Rf7 Re3+ 70. Kh2 Ke1 71. Kg2 Re2 72. Kg3 f1Q 73. Rxf1+ Kxf1 0-1

[Event "Titled Tuesday intern op 30th Jul Late"]
[Site "Chess.com INT"]
[Date "2024.07.30"]
[Round "4"]
[White "Kavyev, Ruslan"]
[Black "Da Silva, Giovanni B Tavares"]
[Result "0-1"]
[WhiteElo "2282"]
[BlackElo "2095"]
[PlyCount "100"]
[EventDate "2024.07.30"]
[EventType "swiss (blitz)"]
[EventRounds "11"]
[EventCountry "USA"]
[SourceTitle "EXT 2025"]
[Source "ChessBase"]
[SourceDate "2024.10.14"]
[SourceVersion "1"]
[SourceVersionDate "2024.10.14"]
[SourceQuality "1"]

1. d4 Nf6 2. Nf3 g6 3. c4 Bg7 4. Nc3 d5 5. cxd5 Nxd5 6. e4 Nxc3 7. bxc3 c5 8. Bb5+ Bd7 9. Bxd7+ Qxd7 10. Be3 cxd4 11. cxd4 0-0 12. 0-0 Nc6 13. d5 Ne5 14. Nxe5 Bxe5 15. Bd4 Qd6 16. Bxe5 Qxe5 17. Qd3 Rfc8 18. Rac1 Qb2 19. Rb1 Qxa2 20. Rxb7 a5 21. Rxe7 a4 22. Qf3 Rf8 23. h4 a3 24. h5 Qb2 25. e5 a2 26. hxg6 hxg6 27. e6 a1Q 28. exf7+ Kg7 29. Rxa1 Qxa1+ 30. Kh2 Qf6 31. Qe4 Ra4 32. Qxa4 Qxe7 33. Qd4+ Qf6 34. Qc5 Rxf7 35. d6 Rd7 36. Qc6 Qxd6+ 37. Qxd6 Rxd6 38. Kg3 Kf6 39. f3 Kf5 40. Kf2 g5 41. g4+ Kf4 42. Kg2 Rd2+ 43. Kh3 Ke3 44. Kg3 Rf2 45. Kh3 Rxf3+ 46. Kg2 Kf4 47. Kh2 Rg3 48. Kh1 Kf3 49. Kh2 Kf2 50. Kh1 Rh3# 0-1

[Event "Titled Tuesday intern op 30th Jul Late"]
[Site "Chess.com INT"]
[Date "2024.07.30"]
[Round "1"]
[White "Kavyev, Ruslan"]
[Black "Vlassov, Nikolai"]
[Result "0-1"]
[WhiteElo "2282"]
[BlackElo "2299"]
[PlyCount "104"]
[EventDate "2024.07.30"]
[EventType "swiss (blitz)"]
[EventRounds "11"]
[EventCountry "USA"]
[SourceTitle "EXT 2025"]
[Source "ChessBase"]
[SourceDate "2024.10.14"]
[SourceVersion "1"]
[SourceVersionDate "2024.10.14"]
[SourceQuality "1"]

1. d4 Nf6 2. Nf3 e6 3. g3 b5 4. Bg2 Bb7 5. 0-0 c5 6. a4 b4 7. b3 Na6 8. Bb2 Be7 9. Nbd2 0-0 10. c4 bxc3 11. Bxc3 cxd4 12. Bxd4 Nb4 13. Nc4 Be4 14. Ne1 Bxg2 15. Nxg2 Qc7 16. Qd2 Nbd5 17. Nge3 Bb4 18. Nxd5 Nxd5 19. Qd3 f5 20. e4 fxe4 21. Qxe4 Bc3 22. Rac1 Bxd4 23. Qxd4 Rab8 24. Rfd1 Rfc8 25. Rd3 Nb4 26. Re3 d5 27. Rec3 Na2 28. R3c2 Nxc1 29. Rxc1 dxc4 30. Rxc4 Qd8 31. Qe5 Qd1+ 32. Kg2 Qd5+ 33. Qxd5 exd5 34. Rd4 Rd8 35. b4 Rbc8 36. b5 Rc4 37. Rd3 Rxa4 38. Kf3 Rb4 39. Ke3 Rxb5 40. f4 a5 41. Kd4 a4 42. Ke5 Ra5 43. Ke6 Kf8 44. f5 a3 45. f6 Ra6+ 46. Ke5 Re8+ 47. Kf4 Rxf6+ 48. Kg5 Re5+ 49. Kg4 Re4+ 50. Kg5 h6+ 51. Kh5 Kf7 52. Rxa3 Rf5# 0-1

[Event "Titled Tuesday intern op 23rd Jul Late"]
[Site "Chess.com INT"]
[Date "2024.07.23"]
[Round "5"]
[White "Joubert, Dantelle"]
[Black "Kavyev, Ruslan"]
[Result "0-1"]
[WhiteElo "1740"]
[BlackElo "2282"]
[PlyCount "50"]
[EventDate "2024.07.23"]
[EventType "swiss (blitz)"]
[EventRounds "11"]
[EventCountry "USA"]
[SourceTitle "EXT 2025"]
[Source "ChessBase"]
[SourceDate "2024.10.14"]
[SourceVersion "1"]
[SourceVersionDate "2024.10.14"]
[SourceQuality "1"]

1. d4 Nf6 2. c4 e6 3. Bf4 d5 4. Nc3 Nbd7 5. e3 Bb4 6. Bd3 c5 7. Nge2 0-0 8. 0-0 dxc4 9. Bxc4 cxd4 10. exd4 Nb6 11. Bd3 Nbd5 12. Bg5 Be7 13. Ng3 h6 14. Bd2 b6 15. a3 Bb7 16. Qe2 Rc8 17. Rad1 a5 18. Rfe1 Nxc3 19. Bxc3 Bxa3 20. Bxa5 bxa5 21. bxa3 Kh8 22. Bb1 Qd5 23. f3 Rc3 24. Ne4 Nxe4 25. Bxe4 Qd7 0-1